000 00881nam a2200241 a 4500
003 BD-DhJNU
005 20260121063836.0
008 251108s2019 bg |||g |||| 000 1|ben|d
020 _a9789848050637
040 _aBD-DhJNU
_bben
_cBD-DhJNU
_dBD-DhJNU
041 _aben
082 _a750 BAC
_223
100 _aবশীর, মুর্তজা
245 1 0 _aচিত্রচর্চা /
_cমুর্তজা বশীর
246 _aChitracharcha
250 _a1st ed.
260 _aঢাকা :
_bজার্নিম্যান বুকস,
_c2019.
300 _a৮৮ পৃ. :
_bচিত্র ;
_c২২ সেমি.।
504 _aগ্রন্থপঞ্জিগত নির্দেশিকা ও নিঘন্ট অন্তভূক্ত
650 _aচিত্রকলা
650 _aPainting practice
942 _cBK
999 _c2548
_d2548